000 00770nam a2200253Ia 4500
003 GCL
008 140319s9999 xx 000 0 ara d
040 _aGCL /
_cGCL
082 0 4 _aق
_b330.9
_bح ا
100 1 _aحمدى عبدالعظيم
245 1 0 _aاربع ظواهراقتصادية فى مصر /
_cحمدى عبدالعظيم
260 _a[S.N] :
_bدار البيان العربى ،
_c1987
300 _a302 ص
490 _a
650 0 4 _aمصر
650 0 4 _aالتخطيط الاقتصادى
650 0 4 _aالاحوال الاقتصادية
650 0 4 _aالتنمية الاقتصادية
650 0 4 _aالرسوم الجمركية
650 0 4 _aالبنوك
650 0 4 _aالديون
650 0 4 _aالانتاج
942 _2ddc
_cBK
999 _c31073
_d31073